Temas martianos / (Record no. 102623)

MARC details
000 -LEADER
campo de control de longitud fija 00814nam a2200253 i 4500
001 - NÚMERO DE CONTROL
campo de control 102623
003 - IDENTIFICADOR DE NÚMERO DE CONTROL
campo de control ES-MaACL
005 - FECHA Y HORA DE LA ÚLTIMA TRANSACCIÓN
campo de control 20231226160805.0
007 - CAMPO FIJO DE DESCRIPCIÓN FÍSICA--INFORMACIÓN GENERAL
campo de control de longitud fija t|
008 - DATOS DE LONGITUD FIJA--INFORMACIÓN GENERAL
campo de control de longitud fija 051123s1981 pr ||||1| spa d
020 ## - NÚMERO INTERNACIONAL ESTÁNDAR DEL LIBRO
Número Internacional Estándar del Libro 0-940238-44-6
080 ## - NÚMERO DE LA CLASIFICACIÓN DECIMAL UNIVERSAL
Número de la Clasificación Decimal Universal 821.134.2(729.1) Martí, José 1.06
100 1# - ENTRADA PRINCIPAL--NOMBRE DE PERSONA
Nombre de persona Vitier, Cintio.
9 (RLIN) 115513
245 10 - MENCIÓN DEL TÍTULO
Título Temas martianos /
Mención de responsabilidad, etc. Cintio Vitier, Fina García Marruz.
250 ## - MENCION DE EDICION
Mención de edición 2ª ed.
260 ## - PUBLICACIÓN, DISTRIBUCIÓN, ETC.
Lugar de publicación, distribución, etc. Ríos Piedras :
Nombre del editor, distribuidor, etc. Huracán,
Fecha de publicación, distribución, etc. 1981.
300 ## - DESCRIPCIÓN FÍSICA
Extensión 352 p. ;
Dimensiones 20 cm.
490 1# - MENCIÓN DE SERIE
Mención de serie La nave y el puerto. Ensayo/crítica
600 14 - PUNTO DE ACCESO ADICIONAL DE MATERIA--NOMBRE DE PERSONA
Nombre de persona Martí, José,
Fechas asociadas al nombre 1853-1895-
Subdivisión general Crítica e interpretación
9 (RLIN) 77188
700 1# - ENTRADA AGREGADA--NOMBRE PERSONAL
Nombre de persona García Marruz, Fina.
9 (RLIN) 54895
830 0# - PUNTO DE ACCESO ADICIONAL DE SERIE-TÍTULO UNIFORME
Título uniforme La nave y el puerto. Ensayo/crítica
9 (RLIN) 232526
852 ## - LOCALIZACIÓN
Ubicación ES-MaACL
Número de control de estantería E-11145
Sublocalización o colección R.136727
Holdings
Estatus retirado Estado de pérdida Estado de daño No para préstamo Biblioteca de origen Biblioteca actual Ubicación en estantería Fecha de adquisición Fuente de adquisición Total de préstamos Signatura topográfica completa Código de barras Visto por última vez Precio de reemplazo Tipo de ítem Koha
        Biblioteca del Ateneo de Madrid Biblioteca del Ateneo de Madrid Depósito 2 17/01/2008     E-11145 1107130 23/02/2023 23/02/2023 Libro impreso